Americanistas ilustres (Record no. 165592)

MARC details
000 -LEADER
campo de control de longitud fija 01096nam a2200205 i 4500
001 - NÚMERO DE CONTROL
campo de control 165592
003 - IDENTIFICADOR DE NÚMERO DE CONTROL
campo de control ES-MaACL
005 - FECHA Y HORA DE LA ÚLTIMA TRANSACCIÓN
campo de control 20230906213153.0
008 - DATOS DE LONGITUD FIJA--INFORMACIÓN GENERAL
campo de control de longitud fija 011015s1890 sp c |||| |bspa d
080 ## - NÚMERO DE LA CLASIFICACIÓN DECIMAL UNIVERSAL
Número de la Clasificación Decimal Universal 929 Elices Montes, Ramón
100 1# - ENTRADA PRINCIPAL--NOMBRE DE PERSONA
Nombre de persona Soto y Corro, Carolina de.
9 (RLIN) 132842
245 10 - MENCIÓN DEL TÍTULO
Título Americanistas ilustres
Resto del título : Excmo. e Ilmo. Sr. D. Ramón Elices Montes fundador de "El pabellón español" de Méjico, la "Integridad nacional" de Puerto Rico y "La voz de la patria" de Madrid ... : apuntes biográficos con el retrato y un discurso del biografiado /
Mención de responsabilidad, etc. C. de Soto y Corro.
260 ## - PUBLICACIÓN, DISTRIBUCIÓN, ETC.
Lugar de publicación, distribución, etc. Madrid :
Nombre del editor, distribuidor, etc. [s.n.],
Fecha de publicación, distribución, etc. 1890 (
Fabricante Imp. de José Perales)
300 ## - DESCRIPCIÓN FÍSICA
Extensión 38 p., 1 retr. ;
Dimensiones 16 cm.
530 ## - NOTA DISPONIBLE DE FORMULARIO FÍSICO ADICIONAL
Nota de formato físico adicional disponible Disponible en sisito web.
594 ## - Nota al título y mención de responsabilidad
Nota al título y mención de responsabilidad Encabezamiento completado con Palau, 320369, t. 22.
600 14 - PUNTO DE ACCESO ADICIONAL DE MATERIA--NOMBRE DE PERSONA
Nombre de persona Elices Montes, Ramón.
9 (RLIN) 46987
852 ## - LOCALIZACIÓN
Ubicación ES-MaACL
Número de control de estantería T-604-F-4
Nota libre . - Enc. hol. conservando la cub. original
-- . - Enc. en un vol. facticio
856 ## - LOCALIZACIÓN Y ACCESO ELECTRÓNICOS
Identificador Uniforme de Recursos <a href="http://bibliotecadigitalhispanica.bne.es:80/webclient/DeliveryManager?pid=2689081&custom_att_2=simple_viewer">http://bibliotecadigitalhispanica.bne.es:80/webclient/DeliveryManager?pid=2689081&custom_att_2=simple_viewer</a>
Nota pública Ir a la página
Holdings
Estatus retirado Estado de pérdida Estado de daño No para préstamo Colección Biblioteca de origen Biblioteca actual Ubicación en estantería Fecha de adquisición Total de préstamos Signatura topográfica completa Código de barras Visto por última vez Precio de reemplazo Tipo de ítem Koha
        Colección de folletos Biblioteca del Ateneo de Madrid Biblioteca del Ateneo de Madrid Depósito folletos 17/01/2008   T-604-F-4 1173659 23/02/2023 23/02/2023 Folleto